Normal view MARC view
  • Supervisor: Dr. Tahira Anwar Lashari

Entry Corporate Name

Number of records used in: 1

001 - CONTROL NUMBER

  • control field: 123746

003 - CONTROL NUMBER IDENTIFIER

  • control field: NUST

005 - DATE AND TIME OF LATEST TRANSACTION

  • control field: 20240624095942.0

008 - FIXED-LENGTH DATA ELEMENTS

  • fixed length control field: 240624|| aca||aabn | a|a d

040 ## - CATALOGING SOURCE

  • Original cataloging agency: NUST
  • Transcribing agency: NUST

110 ## - HEADING--CORPORATE NAME

  • Corporate name or jurisdiction name as entry element: Supervisor: Dr. Tahira Anwar Lashari

670 ## - SOURCE DATA FOUND

  • Source citation: Work cat.: (NUST): Farid, Iqra 123744, Assistive Technology: Empowering Social Safety Skills of Autistic Children/
© 2023 Central Library, National University of Sciences and Technology. All Rights Reserved.